000 01699cam a2200313 i 4500
001 18317168
005 20230228142814.0
008 140926s2015 ii a b 001 0 eng
010 _a 2014038362
020 _a9781107500495 (pbk.)
040 _aDLC
_beng
_cDLC
_erda
_dDLC
042 _apcc
050 0 0 _aQA297
_b.G87 2015
082 0 0 _a519.4,GUP
_223
100 1 _aGupta, Radhey S.,
_d1937-
_9103493
245 1 0 _aElements of numerical analysis /
_bRadhey S. Gupta.
250 _aSecond edition.
264 1 _aDelhi, India :
_bCambridge University Press,
_c2015.
300 _axvi, 759 pages :
_billustrations ;
_c25 cm
336 _atext
_2rdacontent
337 _aunmediated
_2rdamedia
338 _avolume
_2rdacarrier
504 _aError in Computation (Page-1), Linear Equations and Eigenvalue Problem (Page-22), Nonlinear Equations (Page-106), Interpolation (Page-135), Numercial Differentition (Page-198),Ordinary Differential Equations (Page-275), Splines and THheir Application (Page-313), Method of least squares and chebyshev Approximation (Page-354), Eigenvalue od Symmetric Matrices (Page-384), Partial Differntial Equations (Page-437), Finite Element Method (Page-532), Integral Equations (Page-620), Difference Equations (Page-659), Fourier Series Discrete Fourier Transformers and Fast Fourier Transformers (Page-676), Free and Moving Boundry Problems: Abrief Introduction (Page-709).
650 0 _aNumerical analysis
_vTextbooks.
_9103494
650 0 _aMathematics
_xStudy and teaching (Higher)
_vTextbooks.
_9103495
650 0 _aMathematics
_xStudy and teaching (Graduate)
_vTextbooks.
_9103496
906 _a7
_bcbc
_corignew
_d1
_eecip
_f20
_gy-gencatlg
942 _2ddc
_cBK
999 _c593463
_d593463